000 nam a22 7a 4500
999 _c8404
_d8404
008 180116b ||||| |||| 00| 0 eng d
100 _aChaudhary.L.etal.
_94810
245 _aGrammar English
260 _aNew Delhi
_bAvichal
_c2009